Loreto College Library, Kolkata
WEBOPAC (ONLINE PUBLIC ACCESS CATALOGUE)

Social Geography (Record no. 12958)

MARC details
000 -LEADER
fixed length control field 00696nam a2200241Ia 4500
008 - FIXED-LENGTH DATA ELEMENTS--GENERAL INFORMATION
fixed length control field 131103s9999 xx 000 0 und d
010 ## - LIBRARY OF CONGRESS CONTROL NUMBER
LC control number 340662824
020 ## - ISBN | অাই এস বি এন
ISBN | অাই এস বি এন GBP : 15.99
040 ## - CATALOGING SOURCE
Original cataloging agency Loreto College
041 ## - LANGUAGE CODE
Language code English
082 ## - DDC | ডিউই
Classification number | বর্গসংখ্যা 304.2/HAM
Book Number | গ্রন্থাঙ্ক LCLIB/38896
245 ## - TITLE STATEMENT | অাখ্যা বিবরণী
Title | অাখ্যা Social Geography
Sub title | উপঅাখ্যা a reader
Statement of responsibility | লেখকের দায়িত্বের বিবরণ edited by Chris Hammett
260 ## - IMPRINT | প্রকাশনা ক্ষেত্র
Place of publication | প্রকাশ স্থান London
Name of publisher | প্রকাশকের নাম Arnold
Date of publication | প্রকাশ কাল 1996
300 ## - PHYSICAL DESCRIPTION |
Page / Vol. No | পৃষ্ঠা / খন্ড সংখ্যা viii,372 p.
Other physical details | অনান্য বাহ্যিক বিবরণ illus.,fig.
504 ## - BIBLIOGRAPHY, ETC. NOTE
Bibliography, etc Includes bibliography & index
630 ## - SUBJECT ADDED ENTRY--UNIFORM TITLE
Uniform title Geographic, Space,Time Factors
630 ## - SUBJECT ADDED ENTRY--UNIFORM TITLE
Uniform title Human Ecology
650 ## - SUBJECT ADDED ENTRY--TOPICAL TERM | বিষয় শিরোনাম - মূল বিষয়
Topical term | মূল বিষয় Human Geography
651 ## - SUBJECT ADDED ENTRY--GEOGRAPHIC NAME | বিষয় শিরোনাম - ভৌগলিক নাম
Geographic name | ভৌগলিক বিষয় Factors Affecting Social Behaviour
700 ## - ADDED ENTRY--PERSONAL NAME | অতিরিক্ত সংলেখ - ব্
Personal name | ব্যাক্তিনাম Hamnett,Chris,ed.
850 ## - HOLDING INSTITUTION
Holding institution LCLIB
942 ## - ADDED ENTRY ELEMENTS (KOHA)
Koha item type Books
Holdings
Withdrawn status Lost status Damaged status Not for loan Home library Current library Date acquired Total Checkouts Full call number Accession No. Date last seen Date checked out Price effective from Koha item type
        Loreto College Loreto College 04/11/2013 1 304.2/HAM LCLIB/38896 B12964 28/01/2019 28/01/2019 04/11/2013 Books